Представление документа в формате MARC21

Поле Инд. ПП Название Значение
Тип записи a
Библиографический уровень b
001 Контрольный номер RU/IS/BASE/421249828
005 Дата корректировки 20220420085403.5
008 Кодируемые данные 20130507
084 a Индекс другой классификации/Индекс ББК 60.80; 65.050
100 1_ a Автор Минченко О. С.
q Полное имя Минченко Ольга Сергеевна
245 10 a Заглавие Теория и практика использования экспертизы в рамках реализации контрольно-надзорных функций государства
500 a Примечание Примечание
504 a Библиография Лит. в конце статьи
520 0_ a Аннотация Разделяя точку зрения о том, что эффективная организация системы государственного контроля и надзора - залог успешного развития экономики страны, автор в качестве одного из важнейших элементов контрольно-надзорной деятельности выделяет привлечение независимых экспертов. Цели статьи - разработка алгоритма выбора экспертов и экспертных организаций, основанного на ключевых положениях неоинституциональной экономической теории, и предложение комплексных мер по совершенствованию системы привлечения экспертов и экспертных организаций к реализации контрольно-надзорных функций в России.
650 04 a Основная рубрика социальное управление
a Основная рубрика теория социального управления
a Основная рубрика управление экономикой
a Основная рубрика экономика
653 0_ a Ключевые слова государственная власть
a Ключевые слова государственная экспертиза
a Ключевые слова государственное управление
a Ключевые слова государственный контроль
a Ключевые слова государственный надзор
a Ключевые слова контрольно-надзорные органы
a Ключевые слова независимая экспертиза
a Ключевые слова неоинституциональная экономическая теория
a Ключевые слова Россия
a Ключевые слова транзакции
a Ключевые слова экспертные организации
a Ключевые слова экспертные услуги
a Ключевые слова эксперты
773 18 t Заглавие источника Вопросы государственного и муниципального управления
d Дата издания источника 2012
g Прочая информация № 4. - С. 20 - 33 : диагр., табл., рис.
w Контрольный № источника RU/IS/BASE/414172742
901 t Тип документа b